Metal craft discovery workshop : (Record no. 8124)
[ view plain ]
| 000 -LEADER | |
|---|---|
| fixed length control field | 00866aam a2200265 a 4500 |
| 001 - CONTROL NUMBER | |
| JCCL Control Number | 8124 |
| 003 - CONTROL NUMBER IDENTIFIER | |
| JCCL marc code | BD - JhCC |
| 005 - DATE AND TIME OF LATEST TRANSACTION | |
| control field | 20180218193416.0 |
| 008 - FIXED-LENGTH DATA ELEMENTS--GENERAL INFORMATION | |
| fixed length control field | 050504s2005 nyua 001 0 eng |
| 020 ## - INTERNATIONAL STANDARD BOOK NUMBER | |
| International Standard Book Number | 1581806469 (pbk.) |
| 035 ## - SYSTEM CONTROL NUMBER | |
| system control number | (BD - JhCC08124 |
| 040 ## - CATALOGING SOURCE | |
| Original cataloging agency | StDuBDS |
| Transcribing agency | StDuBDS |
| Modifying agency | Uk |
| -- | BD - JhCC |
| 041 ## - LANGUAGE CODE | |
| Language code of Book | eng |
| 082 00 - DEWEY DECIMAL CLASSIFICATION NUMBER | |
| Classification number | 745.56 |
| DDC Edition number | 22 |
| Author mark and Year | BRI 2005 |
| 100 1# - MAIN ENTRY--PERSONAL NAME | |
| Personal name | O'Brien, Linda, |
| Dates associated with a name | 1949- |
| 245 10 - TITLE STATEMENT | |
| Title | Metal craft discovery workshop : |
| Remainder of title | creating unique jewelry, art dolls, collage art, keepsakes and more! / |
| Statement of responsibility, etc | Linda & Opie O'Brien. |
| 260 ## - PUBLICATION, DISTRIBUTION, ETC. (IMPRINT) | |
| Place of publication, distribution, etc | Cincinnati, Ohio : |
| Name of publisher, distributor, etc | North Light Books ; |
| Place of publication, distribution, etc | Newton Abbot : |
| Name of publisher, distributor, etc | David & Charles [distributor], |
| Date of publication, distribution, etc | 2005. |
| 300 ## - PHYSICAL DESCRIPTION | |
| Pagination | 127 p. : |
| Other physical details | col. ill. ; |
| Dimensions | 28 cm. |
| 500 ## - GENERAL NOTE | |
| General note | Includes index. |
| 650 #0 - SUBJECT ADDED ENTRY--TOPICAL TERM | |
| Topical term or geographic name as entry element | Metal-work. |
| 650 #0 - SUBJECT ADDED ENTRY--TOPICAL TERM | |
| Topical term or geographic name as entry element | Art metal-work. |
| 700 1# - ADDED ENTRY--PERSONAL NAME | |
| Personal name | O'Brien, Opie, |
| Dates associated with a name | 1949- |
| 942 ## - ADDED ENTRY ELEMENTS (KOHA) | |
| Source of classification or shelving scheme | Dewey Decimal Classification |
| Koha item type | Books |
| Source of classification or shelving scheme | Damaged status | Not for loan | Home library | Current library | Shelving location | Total Checkouts | Full call number | Barcode | Date last seen | Copy number | Koha item type |
|---|---|---|---|---|---|---|---|---|---|---|---|
| Dewey Decimal Classification | JCC Rouf Library | JCC Rouf Library | General Stacks | 745.56 BRI 2005 | 10637 | 02/18/2018 | C - 1 | Books |